| 000 | 01014nam a22003137a 4500 | ||
|---|---|---|---|
| 999 |
_c17406 _d17406 |
||
| 001 | 1179304 | ||
| 003 | OSt | ||
| 005 | 20190302103506.0 | ||
| 008 | 970205s1997 nyu 000 1 eng | ||
| 010 | _a 97006265 | ||
| 020 | _a0312156146 | ||
| 040 | _aSEKU | ||
| 043 | _an-us-ca | ||
| 050 | 0 | 0 |
_aPS 3569.E66 _bN6 1997 |
| 082 | 0 | 0 |
_a813/.54 _221 |
| 100 | 1 | _aSeranella, Barbara. | |
| 245 | 1 | 0 |
_aNo human involved / _cBarbara Seranella. |
| 260 |
_aNew York : _bSt. Martin's Press, _cc1997. |
||
| 300 | _a215 p. | ||
| 500 | _a"A Thomas Dunne book." | ||
| 650 | 0 |
_aMancini, Munch (Fictitious character) _vFiction. |
|
| 650 | 0 |
_aWomen detectives _zCalifornia _zLos Angeles _xFiction. |
|
| 650 | 0 |
_aAutomobile mechanics _xFiction. |
|
| 650 | 0 |
_aRecovering addicts _xFiction. |
|
| 651 | 0 |
_aVenice (Los Angeles, Calif.) _xFiction. |
|
| 655 | 7 |
_aDetective and mystery stories. _2gsafd |
|
| 942 |
_2lcc _cGEN |
||